[Event "Vinkovci"]
[Site "Vinkovci"]
[Date "1993.??.??"]
[Round "2"]
[White "Palac, Mladen"]
[Black "Kozul, Zdenko"]
[Result "0-1"]
[WhiteElo "2485"]
[BlackElo "2595"]
[Annotator "Lisenko"]
[PlyCount "80"]
[EventDate "1993.12.??"]
[EventType "tourn"]
[EventRounds "11"]
[EventCountry "CRO"]
[EventCategory "10"]
[SourceTitle "CBM 039"]
[Source "ChessBase"]
[SourceDate "1994.04.01"]
[SourceVersion "1"]
[SourceVersionDate "1994.04.01"]
[SourceQuality "1"]

1. e4 c5 2. Nf3 Nc6 3. d4 cxd4 4. Nxd4 Nf6 5. Nc3 d6 6. Bg5 e6 7. Qd2 a6 8.
O-O-O Bd7 9. f4 b5 (9... Qc7 10. Bxf6 gxf6 11. Kb1 O-O-O 12. Nb3 h5 13. Be2 Na5
$6 (13... Be7 $5) (13... Kb8 $5) 14. Rhf1 Kb8 15. Rf3 Be7 16. Rh3 h4 17. Qe1
Nxb3 18. axb3 f5 $1 19. exf5 d5 $44 {Ivanov,Al-Waitzkin,J/New York/1993/ 0:1 
(39) Inf 57/211/}) 10. Bxf6 gxf6 (10... Qxf6 $2 11. e5 $1 dxe5 12. Ndxb5 Qd8
13. Nd6+ Bxd6 14. Qxd6 exf4 15. Ne4 Ne7 16. Bc4 $16 {Kupreichik,V-Popov,P/SSSR/
1974/ 0:1 (34)/}) 11. f5 (11. Nxc6 Bxc6 12. Qe1 b4 13. Nd5 a5 14. Rd4 f5 15.
Rc4 Bxd5 16. exd5 Qf6 17. dxe6 fxe6 18. Rc7 Kd8 (18... Bg7 $2 19. Rxg7 $1) 19.
Rb7 $5 Kc8 $1 20. Rb5 Bg7 21. c3 bxc3 $13 {Zontakh,A-Poluljahov,A/Beograd/1993/
Inf 57/211/}) (11. Kb1 Qb6 12. Nce2 Na5 13. Ng3 h5 14. Be2 Nc4 15. Qc3 h4 16.
Nh5 Rh6 17. g4 Be7 18. g5 fxg5 19. fxg5 Bxg5 20. Rhg1 $16 {Sax,G-Kozul,Z/
Vinkovci/1993/}) 11... Nxd4 12. Qxd4 Bh6+ 13. Kb1 Bf4 14. fxe6 $5 $146 (14. Ne2
Be5 15. Qd2 exf5 (15... Qb6 16. fxe6 fxe6 17. Nf4 O-O-O 18. g3 Kb8 19. Bh3 Rhe8
20. Rhf1 Bc8 21. Rf3 Qc6 22. Rb3 $5 Qxe4 23. Bg2 Qd4 $5 24. Qe1 Qb6 25. c4 d5
$1 26. cxb5 a5 $13 {Cseshkovsky,V-Ermenkov,E/Albena/1977/ 0,5 (37)/}) 16. exf5
Bxf5 17. Nd4 Be6 18. Nf3 f5 19. Bd3 Bg7 20. Rhf1 b4 21. Qg5 Bf6 22. Qf4 Qa5 $44
{Van Der Wiel,J-Kozul,Z/Wijk aan Zee/1991/ Inf 51/204/}) 14... fxe6 15. Ne2 Be5
16. Qd2 Bc6 17. Nd4 Bxe4 18. Nxe6 Qe7 19. Nf4 f5 20. Bd3 O-O 21. Rhe1 (21. Bxe4
$1 fxe4 22. g3 $14) 21... Bc6 $1 22. c3 Kh8 23. Bc2 Rae8 24. Qf2 Qg7 25. g3 Qb7
$1 26. Nd3 Bf3 27. Rc1 Bg7 28. Qd2 a5 29. Rxe8 Rxe8 30. Nf4 b4 31. cxb4 axb4
32. Qxd6 $2 (32. Bxf5 $5 $13) 32... b3 $3 33. axb3 (33. Bxb3 Be4+ 34. Ka1 Qxb3
$19) 33... Ra8 34. Re1 Be4 35. Bxe4 Qxb3 $1 $19 36. Re2 fxe4 37. Qd5 Qa4 38.
Rxe4 Qa1+ 39. Kc2 Qxb2+ 40. Kd3 Ra3+ 0-1

[Event "Vinkovci"]
[Site "Vinkovci"]
[Date "1993.??.??"]
[Round "8"]
[White "Sax, Gyula"]
[Black "Kozul, Zdenko"]
[Result "1-0"]
[WhiteElo "2515"]
[BlackElo "2595"]
[Annotator "Lisenko"]
[PlyCount "81"]
[EventDate "1993.12.??"]
[EventType "tourn"]
[EventRounds "11"]
[EventCountry "CRO"]
[EventCategory "10"]
[SourceTitle "CBM 039"]
[Source "ChessBase"]
[SourceDate "1994.04.01"]
[SourceVersion "1"]
[SourceVersionDate "1994.04.01"]
[SourceQuality "1"]

1. e4 c5 2. Nf3 Nc6 3. d4 cxd4 4. Nxd4 Nf6 5. Nc3 d6 6. Bg5 e6 7. Qd2 a6 8.
O-O-O Bd7 9. f4 b5 10. Bxf6 gxf6 11. Kb1 (11. f5 $40 {Palac,M-Kozul,Z /
Vinkovci/1993/}) 11... Qb6 12. Nce2 Na5 (12... Rc8 13. f5 Nxd4 14. Nxd4 e5 15.
Ne2 b4 16. Ng3 h5 17. h4 Ke7 18. Bd3 a5 19. Qe2 a4 20. Bc4 Bh6 21. Nxh5 Rxc4 $5
(21... Rhg8 $1) 22. Qxc4 $16 {Matulovic,M-Kozul,Z /JUG (ch)1991/0:1 (50) Inf
53/199/}) 13. Ng3 (13. b3 Nb7 14. g3 Nc5 15. Bg2 Rd8 (15... Ra7 16. Qe3 Bg7 17.
g4 h5 18. Ng3 $1 hxg4 19. h3 gxh3 20. Rxh3 Rxh3 21. Bxh3 Ke7 22. Nh5 Bh6 23.
Qf2 Qb8 24. e5 $16 {Savon,V-Scherbakov,R /Anapa/1991/ 1:0 (39)}) 16. f5 e5 $6
17. Nc3 Rc8 18. Nd5 Qd8 19. Ne2 h5 20. h4 $2 Bh6 21. Qe1 Bc6 22. Nec3 a5 23.
Qe2 Rb8 24. Qxh5 b4 25. Ne2 a4 26. Nc1 axb3 27. cxb3 Ra8 28. Rhe1 Bxd5 $1 29.
Rxd5 Qa5 $17 {Marjanovic,S-Kozul,Z /Sarajevo/1988/ 0:1 (40)}) 13... h5 (13...
O-O-O $5) 14. Be2 Nc4 15. Qc3 h4 $146 (15... Qc5 16. Qf3 $1 Rc8 17. Nxh5 Nxb2
18. Nxf6+ $16 {Popovic,P-Kozul,Z /JUG(ch)/1991/ 1:0 (29) Inf 53/198/}) 16. Nh5
Rh6 17. g4 (17. Qh3 $5) 17... Be7 18. g5 fxg5 19. fxg5 Bxg5 20. Rhg1 Qc5 $2 (
20... f6 $5 $13 21. Nxf6+ $2 Bxf6 22. Rg8+ Kf7 23. Rxa8 Qb7 $17) 21. Bxc4 bxc4
22. e5 $6 (22. Nf5 $3 $18) 22... Qxe5 23. Rde1 Qc5 24. Nf5 Rxh5 $2 (24... O-O-O
$13) 25. Rxg5 $1 $18 O-O-O 26. Ne7+ Kc7 27. Rxc5+ Rxc5 28. Qf6 Be8 29. Ng8 h3
30. Qe7+ Kc8 31. Qa7 Rc7 32. Qxa6+ Kb8 33. Qb6+ Kc8 34. Nf6 Bc6 35. a4 Bg2 36.
a5 d5 37. a6 d4 38. a7 Bb7 39. Rd1 d3 40. cxd3 cxd3 41. Qe3 1-0

[Event "RUS-chT 04th"]
[Site "Azov"]
[Date "1996.??.??"]
[Round "4"]
[White "Bologan, Viktor"]
[Black "Zvjaginsev, Vadim"]
[Result "0-1"]
[WhiteElo "2600"]
[BlackElo "2590"]
[Annotator "Makarichev,S"]
[PlyCount "80"]
[EventDate "1996.??.??"]
[EventType "team-tourn"]
[EventRounds "7"]
[EventCountry "RUS"]
[SourceTitle "CBM 056 Extra"]
[Source "ChessBase"]
[SourceDate "1997.03.01"]
[SourceVersion "1"]
[SourceVersionDate "1997.03.01"]
[SourceQuality "1"]
[WhiteTeam "Kazan Sberbank-Tatarstan"]
[BlackTeam "Azov Ladya"]
[WhiteTeamCountry "RUS"]
[BlackTeamCountry "RUS"]

1. e4 c5 2. Nf3 d6 3. d4 cxd4 4. Nxd4 Nf6 5. Nc3 Bd7 $5 6. Bg5 e6 7. Qd2 a6 8.
O-O-O (8. f4 h6 9. Bxf6 Qxf6 10. O-O-O Nc6 11. Nf3 O-O-O 12. h4 g6 13. Qe3 $13
{Psakhis,L-Kupreichik,V/Lenk op/1991/}) (8. f3 Be7 9. O-O-O b5 10. h4 b4 {
Zude,A-Kupreichik,V/BL9394/}) 8... h6 9. Bxf6 $8 (9. Bh4 $2 Nxe4 $1) (9. Bf4 $2
e5) (9. Be3 $6 Ng4 $15) 9... Qxf6 10. f4 Nc6 11. Nf3 {/\e4-e5} O-O-O (11... g5
$2 12. fxg5 hxg5 13. e5 $1 $8 Qf4 (13... Nxe5 $2 14. Ne4 Qg7 (14... Qd8 $2 15.
Nxe5 dxe5 16. Nf6+ $18) (14... Qf4 $2 15. Qxf4 gxf4 16. Nxe5 dxe5 17. Nf6+ $18)
15. Nxd6+ Bxd6 16. Qxd6 $16) (13... Qh6 $6 14. Ne4 $1 $16) 14. Qxf4 gxf4 15.
Ne4 $5 (15. exd6 $16) 15... d5 16. Nf6+ Ke7 17. c4 $16 (17. Nxd7 Kxd7 18. c4
Ne7 $14) 17... Bg7 18. cxd5 Nxe5 19. Nxe5 Bxf6 20. Nxd7 Kxd7 21. dxe6+ Kxe6 22.
Bc4+ Kf5 23. Bxf7 $16) 12. h4 $1 {xg5} Kb8 13. g4 Qe7 $1 14. Bc4 Bc8 15. g5 $6
(15. h5 $5 $14) 15... g6 $1 16. f5 (16. h5 $6 gxh5 17. Rxh5 Bg7 $15) 16... hxg5
17. hxg5 Rxh1 18. Rxh1 exf5 $1 (18... Ne5 $6 19. f6 $1 Qc7 20. Be2 $1 Bd7 21.
Nd4 $14 {xf8}) 19. exf5 Bxf5 20. Rh7 (20. Nd5 $2 Qe4 $17) 20... Ne5 $1 $17 21.
Bd5 (21. Nxe5 dxe5 22. Qe3 (22. Qf2 $2 Qxg5+) (22. Rxf7 $4 Rxd2 23. Rxe7 Rxc2+)
22... Qc5 $1 23. Qxc5 Bxc5 24. Rxf7 Be3+ 25. Kb1 Rd2 $19) 21... Be6 22. Nd4 (
22. Bxe6 $2 Nxf3 $19) 22... Bxd5 23. Nxd5 Qd7 24. b3 Be7 25. Kb2 Re8 $1 {
/\Be7-d8} 26. Qf4 Bd8 27. Nf3 $2 (27. Nf6 $5 Bxf6 28. Qxf6 {xd6,f7}) 27... Qe6
$1 28. Nxe5 Qxe5+ 29. Qxe5 dxe5 $19 30. Rxf7 Bxg5 31. Rg7 Re6 32. Rg8+ (32. Nc7
Rc6 33. Nd5 e4) 32... Ka7 33. c4 e4 34. c5 Re5 $1 (34... e3 $4 35. Nb6 {
/\Rg8-a8}) 35. c6 bxc6 36. Rg7+ Kb8 37. Nb4 Bf6 $1 38. Nxc6+ Kc8 39. Na7+ Kd8
40. Rxg6 Re6+ (40... Re6+ 41. Kc2 e3 42. Kd1 e2+ 43. Ke1 Bh4+) 0-1

[Event "EU-ch 12th"]
[Site "Aix les Bains"]
[Date "2011.03.30"]
[Round "8"]
[White "Roser, Kevin"]
[Black "Kozul, Zdenko"]
[Result "1-0"]
[WhiteElo "2423"]
[BlackElo "2568"]
[Annotator "Marchand,A/Primel,D"]
[PlyCount "107"]
[EventDate "2011.03.22"]
[EventType "swiss"]
[EventRounds "11"]
[EventCountry "FRA"]
[SourceTitle "CBM 142 Extra"]
[Source "ChessBase"]
[SourceDate "2011.06.27"]
[SourceVersion "1"]
[SourceVersionDate "2011.06.27"]
[SourceQuality "1"]
[TimeControl "40/5400+30:1800+30"]

1. e4 c5 2. Nf3 d6 3. d4 cxd4 4. Nxd4 Nf6 5. Nc3 Nc6 6. Bg5 e6 7. Qd2 a6 8.
O-O-O Bd7 {La spécialité du GMI et Kevin relève le gant du débat théorique} (
8... h6 {L'alternative} 9. Be3 Be7 10. f4 Bd7 (10... Nxd4) 11. Be2 b5 12. Bf3
Rc8 13. Nb3 Qc7 14. Kb1 b4 15. Na4 (15. Ne2 a5 16. g4 $13 {Glek}) 15... Na5 {
Tukmakov,V (2570)-Csom,I (2540) IBM Amsterdam 1974 (12) 1/2}) 9. f4 (9. f3) (9.
Kb1 Be7 10. f3 Qc7 11. h4 h6 12. Be3 h5 13. Bg5 Ne5 14. f4 Neg4 15. Qe1 b5 16.
Bd3 b4 17. Nce2 a5 {Srinath,N (2381)-Dubov,D (2372) World Youth Stars 7th 2009
(2) 1-0} (17... Qb6 18. Qg3 e5 $15 {Stoica inf 114})) 9... b5 10. Bxf6 gxf6 11.
Kb1 (11. Nxc6 {L'alternative}) 11... Rc8 {[%cal Gb5b4] Une ligne secondaire} (
11... b4 12. Nce2 Qb6 13. Qe1 (13. f5 Nxd4 14. Nxd4 e5 15. Ne2 h5 16. h4 Ke7
17. Rh3 Bh6 18. Qe1 Rac8 19. Ng3 Qc5 20. Bd3 Bb5 21. Qe2 Bxd3 22. Rxd3 Rhg8 23.
Rh1 Rg4 24. Rhd1 Rc6 25. a3 a5 26. a4 Rxh4 27. Rd5 Qe3 {Radulski,J (2577)
-Kozul,Z (2617)/Zagreb 2010/1-0 (61)}) 13... Rc8 14. Nxc6 Bxc6 15. Nd4 Bb7 16.
f5 e5 17. Nf3 Rg8 18. Qh4 Ke7 19. Rg1 h5 20. Bd3 Bh6 21. g3 a5 22. Rg2 a4 23.
Re2 b3 24. a3 Rc3 25. Qxh5 Rb8 26. Qxh6 {Shirov,A (2739)-Kozul,Z (2609)/
Heraklio 2007/0-1 (94)}) (11... Qb6 12. Nxc6 Bxc6 13. Qe1 Ra7 14. f5 Qc5 15.
Qh4 (15. Bd3 {Simic,D (2328)-Kozul,Z (2597) Pirc Memorial 2000 (1.2) 0-1})
15... Be7 16. Bd3 a5 (16... b4 17. Ne2 e5 18. Nc1 a5 19. Nb3 Qb6 20. Nd2 {
Fercec,N (2512)-Kotronias,V (2626) Reggio Emilia 0506 48th 2005 (3) 1/2} (20.
Bc4 $5 $146 a4 21. Nc1 Qc5 22. b3 $14 {Pavlovic})) 17. fxe6 {Horvath,A (2495)
-Kozul,Z (2593) AUT-chT2M 0607 2006 (10) 0-1}) 12. Nxc6 Bxc6 13. Bd3 ({RR} 13.
Qe3 h5 14. Bd3 Bh6 15. Rhf1 Bb7 16. Qf3 f5 17. Qe3 Bg7 18. exf5 Qf6 19. Be4
Bxe4 20. Qxe4 O-O 21. fxe6 fxe6 22. Rfe1 Rfe8 23. Qf3 b4 24. Na4 Qf5 25. Qd3
Kf7 26. Qxf5+ exf5 27. Nb6 Rxe1 {Zinchenko,Y (2543)-Jankovic,A (2586)/
Rethymnon 2011/1/2-1/2 (34)}) 13... h5 $146 {[%cal Gf8h6,Gh6f4]} ({RR} 13...
Bb7 14. Rhe1 Rc5 15. Qe3 Qc7 16. Ne2 Bg7 17. Qh3 d5 18. exd5 Bxd5 19. f5 Qe7
20. Nc1 e5 {1/2-1/2 Kolev,A (2540)-Georgiev,K (2461)/Sofia 2004}) (13... b4 14.
Ne2 {[%cal Ge2d4,Gd3a6]}) 14. Rhe1 b4 $6 (14... Bh6 15. Be2 {[%cal Gd2d6]} h4
16. Bf3) (14... Be7) 15. Nd5 $1 {[%cal Ge1e8]} a5 16. f5 Bxd5 17. exd5 e5 18.
Bb5+ $40 {[%csl Re8]} Ke7 19. Bc6 Qb6 20. Qe3 $5 {Une décision interessante
car la finale est un peu meilleure pour les Blancs} (20. Re4 $5 {[%cal Ge4c4]})
20... Qxe3 21. Rxe3 Bh6 22. Re2 Rb8 (22... Rhg8) 23. Rd3 h4 24. a3 $1 Bf4 25.
g3 hxg3 26. hxg3 Bg5 27. Ka2 Kf8 28. axb4 (28. Kb3 bxa3+ 29. Kxa3) 28... axb4
29. Kb3 Kg7 30. Kc4 $5 (30. Rd1) 30... Rh1 31. Rb3 Rf1 32. Rxb4 Rxb4+ 33. Kxb4
Rxf5 34. Bd7 Rf3 35. g4 $1 $16 {[%csl Gf5,Rf6]} Bc1 36. c3 Rf4+ 37. Kb3 Rf1 38.
Bf5 (38. Kc2 {[%cal Gb2b4]}) 38... Kh6 39. Kc4 Kg5 40. Kb5 Kf4 41. Re4+ Kf3 42.
b4 Bd2 43. c4 Rc1 (43... Rb1 44. c5 $18) 44. c5 Bxb4 $1 45. c6 $1 {Ne tombe
pas dans le piège} (45. Kxb4 $2 Rxc5 {[%csl Rb4,Rd5]}) 45... Bc5 46. Ka6 $18
Ra1+ 47. Kb7 Rb1+ 48. Kc8 Bb6 49. Kd7 Ra1 50. Rb4 Ra7+ 51. Kxd6 Bc7+ 52. Kc5 e4
53. Bxe4+ Kxg4 54. Rb7 {A MARCHAND: Victoire de Kevin contre le GMI Croate
KOZUL (2568) et se retrouve ainsi avec 5 pts sur 8 et une performance
certainement supérieure а 2550 !! Bravo Kevin} 1-0

[Event "Belgrade RAD 30"]
[Site "Belgrade"]
[Date "1977.01.27"]
[Round "10.7"]
[White "Matulovic, Milan"]
[Black "Ostojic, Predrag"]
[Result "1-0"]
[WhiteElo "2510"]
[BlackElo "2480"]
[Annotator "Marjanovic,S"]
[PlyCount "73"]
[EventDate "1977.01.15"]
[EventType "tourn"]
[EventRounds "13"]
[EventCountry "SRB"]
[EventCategory "9"]
[SourceTitle "EXT 2010"]
[Source "ChessBase"]
[SourceDate "2010.11.25"]
[SourceVersion "1"]
[SourceVersionDate "2010.11.25"]
[SourceQuality "1"]
[TimeControl "40/9000:16/5400:0"]

1. e4 c5 2. Nf3 d6 3. d4 cxd4 4. Nxd4 Nf6 5. Nc3 Nc6 6. Bg5 e6 7. Qd2 a6 8.
O-O-O Bd7 9. f4 b5 10. Bxf6 gxf6 11. Kb1 Qb6 12. Nce2 Rc8 13. g3 Na5 14. b3 (
14. Bh3 Nc4 15. Qd3 b4 16. Rc1 a5 17. Rhd1 a4 18. Qf3 h5 19. Ng1 Bg7 20. Nge2
Bf8 21. Ng1 Bg7 {1/2-1/2 (21) Urzica,A-Pavlov,M Bucharest 1974}) 14... Nb7 $146
(14... Be7 15. Bh3 Nb7 16. Rhe1 Nc5 17. Qe3 b4 18. Ng1 a5 19. Ngf3 O-O 20. Nd2
Qc7 21. Rc1 Ra8 22. c3 bxc3 23. Qxc3 Qb7 24. Bg2 Rfb8 25. Rc2 Qa6 26. Nc4 Rb4
27. Ka1 Rab8 28. Rb2 Bf8 29. Qe3 a4 30. bxa4 Qxa4 31. Rxb4 Rxb4 32. Nb2 Qa7 33.
Qc3 Rxd4 {0-1 (33) Pietzsch,W-Dzindzichashvili,R Tbilisi 1965}) 15. Bg2 Nc5 16.
Rhe1 Be7 17. g4 Rg8 18. Bf3 b4 19. Ng3 a5 20. Nh5 Na6 $6 (20... a4 $5 {Inf 23/
411}) 21. Re3 Rc5 22. Nf5 exf5 23. exf5 Kd8 24. Rde1 Re8 25. Ng7 Rc3 26. Rxc3
bxc3 27. Qe2 Bb5 28. Qe4 d5 29. Qxd5+ Bd7 30. Nxe8 Kxe8 31. g5 Nc7 32. Qe4 Qd6
33. gxf6 Qxf6 34. Qb7 Kd8 35. Qb8+ Bc8 36. Bb7 Qxf5 37. Bxc8 1-0

[Event "GBR-ch 97th"]
[Site "Canterbury"]
[Date "2010.08.02"]
[Round "7"]
[White "Hunt, Adam"]
[Black "Williams, Simon Kim"]
[Result "1/2-1/2"]
[WhiteElo "2408"]
[BlackElo "2511"]
[Annotator "Martin,A"]
[PlyCount "100"]
[EventDate "2010.07.26"]
[EventType "swiss"]
[EventRounds "11"]
[EventCountry "ENG"]
[SourceTitle "CBM 137 Extra"]
[Source "ChessBase"]
[SourceDate "2010.09.01"]
[SourceVersion "1"]
[SourceVersionDate "2010.09.01"]
[SourceQuality "1"]

1. e4 c5 2. Nf3 d6 3. d4 cxd4 4. Nxd4 Nf6 5. Nc3 Nc6 6. Bg5 e6 7. Qd2 a6 8.
O-O-O Bd7 9. f3 Be7 10. Kb1 Rc8 11. h4 h6 12. Be3 h5 $5 {A very interesting
move which tries to bring into question the very viability of White's opening
choice. Black argues that without g2-g4, the White set-up lacks punch. Of
course, once White has played h2-h4, he cannot play f3-f4 without baring g4.
So Williams gets a more or less free hand on the queenside now and Hunt seems
to have to think about defence. If there is a drawback to Black's idea, it has
to be that the rook on h8 takes a long time to get into the game, but then so
does the rook on h1.} 13. Qf2 Qc7 14. Rg1 Ne5 15. Nb3 b5 16. Bb6 Qb8 17. Ba7
Qa8 {Rejecting any thoughts of a draw.} 18. Bd4 b4 19. Ne2 a5 20. Nf4 a4 $17 {
Black has made considerable progress on the queenside whilst White seems to
have been standing still!} 21. Nc1 Nc6 22. Be3 b3 (22... a3 23. b3 O-O {
also looks very promising:} 24. Ncd3 (24. Be2 Rc7 25. Ncd3 Rfc8 $40) 24... Qb7
25. Be2 Rfe8 $17) 23. cxb3 axb3 24. a3 ({Was} 24. Nxb3 {possible ?} Nb4 25. a3
Ba4 26. Rc1 $1 Bxb3 (26... O-O 27. Nd4 Ng4 $5 28. fxg4 Qxe4+ 29. Ka1 Rxc1+ 30.
Bxc1 Bf6 31. Nfe2 Qd5 $1) 27. Rxc8+ Qxc8 28. Bb5+ Nd7 29. axb4) 24... Qa4 25.
Nfe2 Na5 26. Rd4 Qc6 27. Nc3 d5 (27... O-O {would have kept more options open.}
) 28. Bb5 Qb7 29. Bxd7+ Qxd7 (29... Nxd7 30. exd5 e5 31. Ra4 Rxc3 32. bxc3 Qb5
33. Re4 {is equally murky.}) 30. exd5 exd5 31. Qe2 Rxc3 $5 (31... O-O 32. Rgd1
Nc4 $17 {enables Black to play the position without the need for an immediate
sacrifice. But Wiliams cannot resist.}) 32. bxc3 O-O 33. Bg5 Re8 34. Qd3 Qa7
35. Re1 Nc4 36. Rxc4 dxc4 37. Qxc4 Qxa3 38. Bxf6 Ra8 39. Qxb3 Qa1+ 40. Kc2 Bxf6
41. Qc4 $1 {In a difficult situation with ...Ra3 looming, Hunt finds the only
move.} Qa7 (41... Ra3 42. Qc8+ Kh7 43. Qf5+ $11) 42. Qb5 Kf8 (42... g6 $1 {
seems a better way to proceed even with an exchange of rooks:} 43. Re8+ Rxe8
44. Qxe8+ Kg7 $17 {It is not easy even here for White to defend all his
weaknesses.}) 43. Qb4+ Be7 44. Qe4 Rd8 45. Rd1 Rb8 $6 (45... Rxd1 46. Kxd1 Qg1+
{again seems better. Black's play in the latter part of the game looks
affected by fatigue.}) 46. Rd5 Bf6 47. Qc4 Kg8 48. Rc5 $1 Qb7 49. Qb3 Qa7 50.
Qc4 Qb7 {A very interesting game, hard fought by both players.} 1/2-1/2

[Event "Lost Boys op"]
[Site "Antwerp"]
[Date "1997.08.04"]
[Round "3"]
[White "Dutreeuw, Marc"]
[Black "Nijboer, Friso"]
[Result "0-1"]
[WhiteElo "2400"]
[BlackElo "2605"]
[Annotator "Meulders,R"]
[PlyCount "40"]
[EventDate "1997.08.02"]
[EventType "swiss"]
[EventRounds "9"]
[EventCountry "BEL"]
[SourceTitle "CBM 059 Extra"]
[Source "ChessBase"]
[SourceDate "1997.09.26"]
[SourceVersion "1"]
[SourceVersionDate "1997.09.26"]
[SourceQuality "1"]

1. e4 c5 2. Nf3 Nc6 3. d4 cxd4 4. Nxd4 Nf6 5. Nc3 d6 6. Bg5 e6 7. Qd2 a6 8.
O-O-O Bd7 9. f4 h6 10. Bh4 g5 11. fxg5 Ng4 12. Nf3 (12. Nxc6 Bxc6 13. Be2)
12... hxg5 13. Bxg5 (13. Bg3 Be7 14. Be2 (14. Kb1 $14 {ECO}) 14... Nge5 15. Kb1
(15. Rhf1 Qa5 16. Kb1 f6 $13) 15... b5 $1 (15... f6 16. h4 $1 {Mokry,K-Banas,J/
Trnava/1986/}) 16. Rdf1 $5 (16. a3 Rb8 17. Na2 a5 18. Nc1 Nxf3 19. gxf3 $5 e5
$6 20. Bf2 Be6 21. Be3 $14 {Riemersma,L-Rodriguez,Am/Dieren/1987/}) (16. Bd3
Rc8 17. Rdf1 Qa5 18. Be1 Nxd3 19. Qxd3 b4 20. Ne2 Ne5 21. Nxe5 dxe5 $13 {
Tischbierek,R-Van der Wiel,J/Baden Baden II/1992/}) 16... Rc8 17. Nxe5 Nxe5 18.
Rf2 f6 19. Rhf1 (19. h4 $6 Bc6) 19... Bc6 20. a3 Bb7 21. h3 $6 (21. Qd1 $5 {
/\ Bh5->}) 21... Nc4 (21... Rc5 $5) 22. Bxc4 Rxc4 23. Qd3 e5 24. Re2 (24. Nd5
$5) 24... Qc8 25. Rf5 (25. Bf2 f5 $5 26. exf5 Bxg2) 25... Rxc3 (25... Bxe4 $4
26. Nxe4 Qxf5 27. Nxd6+ $18) 26. bxc3 Qe6 $6 (26... Qc5 27. Kb2 d5 28. exd5
Bxd5 $40) 27. Kb2 Kd7 28. Rf1 Qc4 $2 (28... Bc6 $1 {/\ a5}) 29. Qxc4 bxc4 30.
Ka2 $1 Bc6 31. Rb1 $1 Bd8 $2 32. Rb8 $1 Re8 33. Bf2 Ba5 34. Rxe8 Kxe8 35. Kb2
Kf7 36. Ba7 Ke6 37. g4 $2 Bd8 {Short,N-Kasparov,G/PCA-Wch London 1993/1/2-1/2 
(51)}) 13... f6 14. e5 (14. Bf4 e5 15. g3 (15. Nd5 exf4 16. Nxf4 Qa5 17. Kb1
Qxd2 18. Rxd2 Bh6 19. g3 Nge5 20. Be2 Nxf3 21. Bxf3 Bxf4 22. gxf4 Rh4 23. e5
dxe5 24. fxe5 fxe5 $19 {0-1 Moldovan,D-Botvinnik,I/Bucharest schev 1993 (56)})
(15. Bg3 Bh6 $19) 15... exf4 16. gxf4 Qa5 17. Bg2 (17. Kb1 O-O-O 18. h3 (18.
Rg1 f5 19. exf5 Bxf5 20. h3 Nf6 21. Nd4 Ne4 22. Nxe4 Qxd2 23. Rxd2 Bxe4 24. Ne6
Re8 $19 {0-1 Shmuter,L-Lutsko,I/Nikolaev zt 1993 (36)}) 18... Qc5 19. Re1 Nh6
20. Nd5 f5 21. Bd3 fxe4 22. Bxe4 Nf5 23. Reg1 Bh6 24. Ng5 Rdf8 25. c3 Bxg5 26.
fxg5 Rxh3 $19 {0-1 Unzicker,W-Heinbuch,D/BL8586 1986 (32)}) 17... O-O-O 18. h3
Nge5 19. Nd4 Nxd4 20. Qxd4 Nc6 21. Qxf6 Rg8 $15) 14... fxg5 15. exd6 Qb6 16.
Ne4 O-O-O 17. Bd3 Bh6 18. Rhe1 Nxh2 $1 19. Nfxg5 Rdg8 20. Rh1 Qd8 $1 0-1

[Event "URS-ch45 First League"]
[Site "Baku"]
[Date "1977.??.??"]
[Round "16"]
[White "Tseshkovsky, Vitaly"]
[Black "Beliavsky, Alexander G"]
[Result "1-0"]
[WhiteElo "2590"]
[BlackElo "2555"]
[Annotator "Moiseev,V"]
[PlyCount "81"]
[EventDate "1977.??.??"]
[EventType "tourn"]
[EventRounds "17"]
[EventCountry "URS"]
[EventCategory "10"]
[SourceTitle "MCL"]
[Source "ChessBase"]
[SourceDate "1999.07.01"]
[SourceVersion "1"]
[SourceVersionDate "1999.07.01"]
[SourceQuality "1"]

1. e4 c5 2. Nf3 d6 3. d4 cxd4 4. Nxd4 Nf6 5. Nc3 Nc6 6. Bg5 e6 7. Qd2 a6 8.
O-O-O Bd7 9. f4 b5 10. Bxf6 gxf6 11. f5 Nxd4 (11... Qb6 12. Nxc6 Bxc6 13. fxe6
fxe6 14. Qf4 (14. Kb1 $1 {Panchenko,AN}) 14... h5 $1 15. Kb1 Be7 16. Bd3 O-O-O
17. Rhe1 $14 {Dvoirys,S - Panchenko,AN/ Cheliabinsk/ 1989/0:1/43}) 12. Qxd4
Bh6+ 13. Kb1 Bf4 14. Ne2 Be5 15. Qd2 Qc7 $6 (15... exf5 $5 16. exf5 Bxf5 17.
Nd4 {N} Be6 18. Nf3 f5 19. Bd3 Bg7 20. Rhf1 b4 21. Qg5 Bf6 22. Qf4 Qa5 23. Bc4
d5 24. Bb3 $44 {Van der Wiel,J-Koyul,Z/Wijk aan Zee/1991/}) (15... Qb6 16. fxe6
fxe6 17. Nf4 Rc8 (17... Bxf4 18. Qxf4 Ke7 19. e5 $1 $16 {Bukhovsky,An-Bertok.M/
Reggio Emilia/1978/35}) (17... O-O-O 18. g3 Kb8 19. Bh3 Rhe8 20. Rhf1 Bc8 21.
Rf3 Qc6 {Cseshkovsky,V-Ermenkov,E/Albena/1977/1/2-1/2/37}) 18. g3 Ke7 $10 {
Bukhovsky,An}) 16. Nd4 Rc8 17. fxe6 fxe6 (17... Bxd4 $2 18. exd7+ Kxd7 19. g3
$18 {/\ Bf1-h3}) 18. Nf3 Bc6 19. Bd3 O-O 20. Rhf1 Qg7 21. Qe3 Kh8 22. Nxe5 fxe5
23. g3 $16 {><e6,d6,a6} Kg8 24. a3 d5 $6 25. Rxf8+ Rxf8 26. Qc5 $1 Qd7 27. exd5
Bxd5 (27... exd5 28. Bxh7+ $1 Kg7 29. Be4 $18) 28. Re1 Qf7 29. Qe3 (29. Rxe5 $4
Qf1+ $1 $19) 29... Qh5 30. b3 Qxh2 31. Qg5+ Kh8 32. Qxe5+ Kg8 33. Qg5+ Kh8 34.
Be4 $1 $18 {/\ 35.Re1-h1} Qf2 (34... Bxe4 35. Qe5+ Kg8 36. Qxe6+ Kg7 37. Qe5+
Kg8 38. Rxe4 $18) 35. Qe5+ Qf6 36. Bxd5 Qxe5 37. Rxe5 exd5 38. Rxd5 Rg8 39. Rd6
Rxg3 40. Rxa6 Kg7 41. Ra5 1-0